[Event "ESP chT Honor Division 2019"]
[Site "Melilla"]
[Date "2019.10.03"]
[Round "4.10"]
[White "Perez Candelario, Manuel"]
[Black "Tejedor Fuente, Enrique"]
[Result "1-0"]
[WhiteElo "2621"]
[BlackElo "2453"]
[Annotator "TA"]
[PlyCount "87"]
[EventDate "2019.09.30"]
[EventType "team-tourn"]
[EventCountry "ESP"]
[SourceTitle "playchess.com"]
[Source "ChessBase"]
[SourceQuality "1"]

{[%evp 14,87,47,35,34,40,45,40,45,40,45,33,47,41,44,35,50,22,36,24,56,40,47,37,39,35,48,24,25,34,37,10,13,13,12,0,13,12,12,13,11,7,24,23,19,18,22,5,60,65,118,80,156,149,162,149,139,154,145,159,629,642,642,619,619,620,712,677,672,618,5481,5297,3064,739,2512,2627]} 1. e4 e5 2. Nf3 Nf6 3. Nxe5 d6 4. Nf3 Nxe4 5. d4 d5 6. Bd3 Be7 7. O-O Nc6 8. Nbd2 Nxd2 {C42: Petroff Defence: 3 Nxe5 and unusual White 3rd moves} 9. Bxd2 O-O 10. c3 Bg4 {White is slightly better.} 11. h3 Bh5 12. g3 Qd7 13. Kg2 Rfe8 14. Qc2 Bg6 {[#]} 15. Rae1 $146 ({Predecessor:} 15. Bxg6 hxg6 16. Rfe1 b6 17. Bf4 Bd6 18. Bxd6 Qxd6 19. Re2 Re7 20. Rxe7 Nxe7 21. Re1 f6 22. h4 Qd7 23. Ng1 {½-½ (23) Bacrot,E (2715)-Bu,X (2710) Tbilisi 2017}) 15... Bxd3 16. Qxd3 Bf6 17. Nh2 Be7 18. Ng4 a6 19. Qf3 Bf8 20. Bf4 f6 21. h4 Re4 22. Qd1 Rae8 {[%cal Ba8e8,Be8e4,Be4e7][%mdl 32] [#] Strongly threatening ...Rxe1.} 23. Rxe4 Rxe4 24. f3 Re7 25. h5 Qe6 26. Kf2 Nd8 27. Ne3 g5 28. hxg6 $1 hxg6 {Threatens to win with ...g5.} 29. Ng4 g5 30. Bd2 Nf7 (30... Rh7 $11) 31. Re1 $36 {[%mdl 2048] White is more active.} Qf5 ({Black should play} 31... Qb6 $14) 32. Ne3 Qd7 ({Black should try} 32... Qe6) 33. Qb1 {And now Qg6+ would win.} Nh8 34. Rh1 c6 35. Ng4 Qe6 36. Qd3 Bg7 $2 {[#]} (36... Rf7 $16 37. Rh5 b5) 37. Qh7+ $1 $18 {White is clearly winning.} Kf8 {aiming for ...Qe2+.} 38. Re1 Qd7 39. Nh6 Bxh6 40. Qxh8+ Kf7 41. Qxh6 Qf5 42. Qh5+ Kf8 43. Qh8+ Kf7 44. Rh1 {Accuracy: White = 80%, Black = 58%.} 1-0

[Event "ESP chT Honor Division 2019"]
[Site "Melilla"]
[Date "2019.10.03"]
[Round "4.11"]
[White "Ubilava, Elizbar"]
[Black "Moreno Tejera, Emilio"]
[Result "0-1"]
[WhiteElo "2481"]
[BlackElo "2427"]
[Annotator "ChessBase"]
[PlyCount "108"]
[EventDate "2019.09.30"]
[EventType "team-tourn"]
[EventCountry "ESP"]
[SourceTitle "playchess.com"]
[Source "ChessBase"]
[SourceQuality "1"]
[TimeControl "40/5400+30:1800+30"]

1. d4 {[%emt 0:00:00]} Nf6 {[%emt 0:00:00]} 2. Nf3 {[%emt 0:00:00]} g6 {[%emt 0:00:00]} 3. g3 {[%emt 0:00:20]} Bg7 {[%emt 0:00:09]} 4. Bg2 {[%emt 0:00:10]} O-O {[%emt 0:00:38]} 5. O-O {[%emt 0:00:58]} d6 {[%emt 0:00:35]} 6. c4 {[%emt 0:00:46]} Nc6 {[%emt 0:00:58]} 7. Nc3 {[%emt 0:00:34]} e5 {[%emt 0:00:42]} 8. dxe5 {[%emt 0:10:45]} dxe5 {[%emt 0:02:45]} 9. Bg5 {[%emt 0:00:44]} Be6 {[%emt 0:00:14]} 10. Qb3 {[%emt 0:17:43]} Qb8 {[%emt 0:20:13]} 11. Bxf6 {[%emt 0:00:05]} Bxf6 {[%emt 0:15:49]} 12. Nd5 {[%emt 0:16:39]} Bd8 {[%emt 0:17:44]} 13. Rfd1 {[%emt 0:03:56]} f6 {[%emt 0:04:24]} 14. c5 {[%emt 0:03:31]} Rf7 {[%emt 0:03:14]} 15. e4 {[%emt 0:03:43]} Kg7 {[%emt 0:01:34]} 16. Qc3 {[%emt 0:08:55]} Bg4 17. Nb4 {[%emt 0:00:06]} Nxb4 {[%emt 0:04:47]} 18. Qxb4 {[%emt 0:01:57]} Be7 {[%emt 0:07:17]} 19. Qc3 {[%emt 0:03:45]} b6 {[%emt 0:02:50]} 20. c6 Bc5 21. h3 {[%emt 0:09:53]} Bxf3 {[%emt 0:03:04]} 22. Qxf3 {[%emt 0:00:52]} Bd4 {[%emt 0:00:45]} 23. Rd2 {[%emt 0:01:35]} Qf8 {[%emt 0:03:32]} 24. Rc2 Rd8 {[%emt 0:01:03]} 25. Kh2 {[%emt 0:04:57]} Rd6 26. Rd1 {[%emt 0:03:28]} a5 {[%emt 0:02:54]} 27. Qb3 {[%emt 0:01:30]} Qe7 {[%emt 0:01:58]} 28. Rdd2 {[%emt 0:01:18]} Rf8 {[%emt 0:00:49]} 29. Bf1 {[%emt 0:00:45]} h5 {[%emt 0:01:13]} 30. h4 {[%emt 0:00:42]} f5 {[%emt 0:00:15]} 31. exf5 gxf5 {[%emt 0:00:09]} 32. Qf3 {[%emt 0:03:47]} f4 {[%emt 0:00:44]} 33. Bd3 {[%emt 0:01:10]} Kh6 {[%emt 0:01:35]} 34. Re2 {[%emt 0:00:38]} Qg7 {[%emt 0:01:12]} 35. Kg2 {[%emt 0:00:19]} Rg8 36. Be4 {[%emt 0:00:26]} Rf6 {[%emt 0:01:07]} 37. Qd3 {[%emt 0:01:05]} Qg4 {[%emt 0:02:16]} 38. Rc4 {[%emt 0:00:54]} Qxh4 {[%emt 0:00:10]} 39. Rxd4 {[%emt 0:00:32]} exd4 {[%emt 0:01:40]} 40. Bd5 {[%emt 0:00:37]} fxg3 {[%emt 0:01:04]} 41. fxg3 {[%emt 0:30:07]} Rxg3+ {[%emt 0:30:30]} 42. Qxg3 {[%emt 0:00:56]} Rg6 {[%emt 0:00:00]} 43. Qxg6+ {[%emt 0:00:30]} Kxg6 {[%emt 0:00:00]} 44. Bf3 {[%emt 0:00:00]} Kf6 {[%emt 0:00:00]} 45. Rf2 {[%emt 0:00:00]} Ke5 {[%emt 0:00:00]} 46. Re2+ {[%emt 0:00:00]} Kd6 {[%emt 0:00:00]} 47. Re4 {[%emt 0:00:00]} Qg5+ {[%emt 0:00:00]} 48. Kf2 {[%emt 0:00:00]} Qd2+ {[%emt 0:00:00]} 49. Re2 {[%emt 0:00:00]} Qf4 {[%emt 0:00:00]} 50. Re4 {[%emt 0:00:00]} Qh2+ {[%emt 0:00:00]} 51. Bg2 {[%emt 0:00:00]} Kc5 {[%emt 0:00:00]} 52. b3 {[%emt 0:00:00]} h4 {[%emt 0:00:00]} 53. Kf1 {[%emt 0:00:00]} h3 {[%emt 0:00:00]} 54. Bf3 {[%emt 0:00:00]} Qxa2 {[%emt 0:00:00]} 0-1

[Event "ESP chT Honor Division 2019"]
[Site "Melilla"]
[Date "2019.10.03"]
[Round "4.12"]
[White "Bivol, Alina"]
[Black "Arabidze, Meri"]
[Result "0-1"]
[WhiteElo "2371"]
[BlackElo "2398"]
[Annotator "TA"]
[PlyCount "116"]
[EventDate "2019.09.30"]
[EventType "team-tourn"]
[EventCountry "ESP"]
[SourceTitle "playchess.com"]
[Source "ChessBase"]
[SourceQuality "1"]

{[%evp 17,118,0,0,0,0,0,6,0,8,-1,14,-4,0,0,0,0,0,-25,-12,-19,0,-12,8,7,11,20,31,13,4,0,0,0,0,0,0,0,0,-15,0,0,0,-16,-9,-21,0,0,0,0,51,41,38,9,24,0,0,-52,-53,-35,0,0,0,0,0,0,0,0,0,-80,-34,-102,-88,-247,-193,-583,-581,-1014,-947,-1178,-1158,-1137,-1136,-1482,-1491,-1357,-886,-1209,-1194,-1222,-1427,-1333,-1392,-1341,-1304,-1368,-1447,-1341,-1341,-1539,-1504,-1692,-1515,-2052,-2011]} 1. c4 e6 2. g3 d5 3. Bg2 Nf6 4. Nf3 dxc4 5. Qa4+ Nbd7 6. Qxc4 c5 7. Qb3 Rb8 8. d3 Bd6 9. a4 b6 10. Na3 {A13: English Opening: 1...e6} a6 11. O-O O-O 12. Nc4 {The position is equal.} Bc7 13. Bd2 Bb7 14. Rfc1 h6 (14... Nd5 15. Qd1 Rc8 16. Qe1 a5 17. Bc3 Re8 {½-½ (41) Artemiev,V (2663)-Sjugirov,S (2653) Baku 2016}) 15. Qd1 $146 ({Predecessor:} 15. Qa3 a5 16. Bc3 Nd5 17. d4 Nxc3 18. bxc3 e5 19. dxe5 Ba6 20. Qa2 {½-½ (49) Marcelin,C (2451)-Sokolov,A (2496) Brest 2019}) 15... Qe7 16. Qe1 a5 17. Qd1 Nd5 18. Qb3 Rfc8 19. Na3 Nb4 20. Nb5 Bd5 21. Qd1 e5 22. Nh4 (22. Bxb4 $5 axb4 23. e4 $11) 22... Bxg2 23. Kxg2 Qe6 24. Bxb4 axb4 25. Nf3 Bd8 26. Na7 Rc7 27. Nb5 Rcc8 28. Na7 Rc7 29. Nb5 Rcb7 30. Qc2 Bg5 $36 {[%mdl 2048] Black is more active.} 31. Rd1 Nf8 32. Qc4 Re8 (32... Qe7 $11) 33. h4 Bd8 34. Nd2 Rd7 35. Rac1 Qg6 36. Kh2 (36. Nf3 $11) 36... Qh5 37. Nf3 Qf5 38. Qe4 Qe6 39. Qc4 Qf5 40. Qe4 Qe6 41. Qc4 Qg6 ({Black should try} 41... Qf5 $11) 42. Nd2 $17 Kh8 43. a5 ({White should play} 43. Qe4 $1 $15) 43... bxa5 44. Ne4 $2 (44. Qxc5 $17 Bb6 45. Qc6) 44... Bb6 45. Nxc5 $2 {[#]} (45. Rg1) 45... Rc8 $1 $19 {Black is clearly winning.} 46. Nxd7 Bxf2 47. g4 Rxc4 48. Rxc4 Nxd7 49. g5 Nb6 50. Re4 Qc6 51. Rxe5 Nd7 52. Re8+ Kh7 53. Rf1 Qxb5 54. Rxf2 Ne5 55. g6+ Kxg6 56. Rg2+ Kh7 57. Re7 Qc5 58. Rb7 a4 {Played: Qc5-d4} 0-1

[Event "ESP chT Honor Division 2019"]
[Site "Melilla"]
[Date "2019.10.03"]
[Round "4.13"]
[White "Bacrot, Etienne"]
[Black "Ivanchuk, Vassily"]
[Result "1-0"]
[WhiteElo "2671"]
[BlackElo "2686"]
[Annotator "ChessBase"]
[PlyCount "93"]
[EventDate "2019.09.30"]
[EventType "team-tourn"]
[EventCountry "ESP"]
[SourceTitle "playchess.com"]
[Source "ChessBase"]
[SourceQuality "1"]
[TimeControl "40/5400+30:1800+30"]

1. c4 {[%emt 0:04:00]} Nf6 {[%emt 0:01:25]} 2. d4 e6 3. Nf3 {[%emt 0:01:01]} d5 {[%emt 0:00:57]} 4. e3 {[%emt 0:00:07]} Nbd7 {[%emt 0:04:10]} 5. b3 {[%emt 0:03:00]} c5 {[%emt 0:07:54]} 6. Bd3 {[%emt 0:05:58]} b6 {[%emt 0:11:48]} 7. O-O {[%emt 0:02:06]} Bb7 {[%emt 0:00:31]} 8. cxd5 {[%emt 0:04:10]} Nxd5 {[%emt 0:00:10]} 9. Bb2 {[%emt 0:00:28]} Be7 {[%emt 0:02:49]} 10. dxc5 {[%emt 0:06:32]} Bf6 {[%emt 0:01:04]} 11. Qe2 {[%emt 0:07:39]} Nxc5 {[%emt 0:11:58]} 12. Bb5+ {[%emt 0:00:43]} Kf8 {[%emt 0:00:04]} 13. Rd1 {[%emt 0:04:30]} Bxb2 {[%emt 0:24:36]} 14. Qxb2 {[%emt 0:00:19]} Qf6 {[%emt 0:00:01]} 15. Ne5 {[%emt 0:04:21]} Qg5 {[%emt 0:02:32]} 16. Bc6 {[%emt 0:14:34]} Bxc6 {[%emt 0:08:17]} 17. Nxc6 {[%emt 0:01:53]} Qf6 {[%emt 0:00:57]} 18. Ne5 {[%emt 0:03:33]} Kg8 {[%emt 0:07:32]} 19. Nd2 {[%emt 0:04:28]} h5 {[%emt 0:00:02]} 20. Qd4 {[%emt 0:19:02]} h4 {[%emt 0:00:52]} 21. h3 {[%emt 0:01:12]} Rh5 {[%emt 0:07:08]} 22. Ndf3 {[%emt 0:01:22]} Qf5 {[%emt 0:01:06]} 23. Rac1 {[%emt 0:04:00]} Qe4 {[%emt 0:02:20]} 24. Qb2 {[%emt 0:04:55]} f6 {[%emt 0:00:34]} 25. Rc4 {[%emt 0:00:36]} Qh7 {[%emt 0:00:30]} 26. Nc6 {[%emt 0:00:12]} a5 {[%emt 0:00:39]} 27. Nfd4 {[%emt 0:01:59]} Kh8 {[%emt 0:01:07]} 28. Qe2 {[%emt 0:00:42]} Re8 {[%emt 0:01:14]} 29. Qf3 {[%emt 0:00:21]} Ne4 {[%emt 0:00:41]} 30. Nb5 {[%emt 0:00:42]} Nc5 {[%emt 0:01:24]} 31. e4 Nb4 {[%emt 0:00:17]} 32. Nxb4 {[%emt 0:00:29]} axb4 {[%emt 0:00:02]} 33. Nd6 {[%emt 0:00:10]} Rf8 {[%emt 0:00:56]} 34. Rxb4 {[%emt 0:00:07]} Nd7 {[%emt 0:00:01]} 35. Nc4 {[%emt 0:00:47]} Ne5 {[%emt 0:00:08]} 36. Nxe5 {[%emt 0:01:05]} Rxe5 {[%emt 0:00:01]} 37. a4 {[%emt 0:00:21]} Qg6 {[%emt 0:00:31]} 38. Rxb6 {[%emt 0:00:41]} Rxe4 {[%emt 0:00:01]} 39. a5 {[%emt 0:00:07]} f5 {[%emt 0:00:31]} 40. a6 {[%emt 0:00:16]} Kh7 {[%emt 0:00:01]} 41. a7 {[%emt 0:31:00]} Ra8 {[%emt 0:11:17]} 42. Rb7 {[%emt 0:00:00]} Kh6 {[%emt 0:04:12]} 43. Qc3 {[%emt 0:00:00]} Re2 {[%emt 0:07:03]} 44. Rb8 {[%emt 0:00:00]} Rxa7 {[%emt 0:00:27]} 45. Rh8+ {[%emt 0:00:00]} Kg5 {[%emt 0:00:06]} 46. f4+ {[%emt 0:00:00]} Kxf4 {[%emt 0:00:06]} 47. Qf3+ {[%emt 0:00:00]} 1-0

[Event "ESP chT Honor Division 2019"]
[Site "Melilla"]
[Date "2019.10.03"]
[Round "4.14"]
[White "Ponomariov, Ruslan"]
[Black "Naiditsch, Arkadij"]
[Result "1/2-1/2"]
[WhiteElo "2675"]
[BlackElo "2643"]
[Annotator "TA"]
[PlyCount "118"]
[EventDate "2019.09.30"]
[EventType "team-tourn"]
[EventCountry "ESP"]
[SourceTitle "playchess.com"]
[Source "ChessBase"]
[SourceQuality "1"]

{[%evp 20,118,14,7,5,5,29,0,7,0,4,0,26,0,0,0,12,9,24,0,9,11,10,2,4,2,24,9,7,0,0,0,0,-4,-4,-4,-4,-5,-5,-12,-11,-6,-12,-4,-15,-8,0,0,0,0,0,0,0,0,0,0,0,0,0,0,0,0,0,0,0,-30,-30,-30,-30,-30,-30,-30,-30,-30,-30,-30,-30,-30,-30,-30,-30,-30,-30,-30,0,-30,-30,-30,-7,-7,-7,-7,-7,-7,-7,-7,-7,-7,-7,-7,0]} 1. d4 Nf6 2. c4 e6 3. Nf3 d5 4. Nc3 c5 5. cxd5 Nxd5 6. e3 Be7 ({Predecessor:} 6... cxd4 7. exd4 Be7 8. Bd3 Nc6 9. O-O O-O 10. Be4 Bf6 11. Qd3 h6 12. a3 Nxc3 13. bxc3 {½-½ (13) Sertic,R (2397)-Bodiroga,P (2394) Kac 2012}) 7. Bd3 Nc6 8. O-O O-O 9. a3 cxd4 10. exd4 Bf6 11. Be4 Nxc3 $146 {D42: Queen's Gambit Declined: Semi-Tarrasch: 5 cxd5 Nxd5 6 e3 Nc6 7 Bd3} (11... Nce7 12. Ne5 Nf5 13. Re1 Nde7 14. Be3 Nxe3 15. fxe3 Bxe5 16. dxe5 Qa5 17. Qd6 Nf5 18. Bxf5 exf5 19. b4 Qd8 {½-½ (50) Artemiev,V (2704)-Svidler,P (2760) Sochi 2018}) 12. bxc3 Bd7 13. Qd3 h6 14. Bf4 Rc8 15. Ne5 Be8 16. Qe3 b6 17. Rad1 Qe7 18. Nc4 Bg5 19. d5 exd5 20. Rxd5 {[%cal Rf4g5]} Bxf4 21. Qxf4 Bd7 22. Nd6 Rcd8 23. Rfd1 Be6 $1 {[#] Hoping for ...f5.} 24. R5d3 Na5 25. h4 Nc4 $1 26. Nf5 Bxf5 $1 27. Qxf5 {[%csl Ge4][%cal Rf5h7] [#]} g6 28. Qf4 $132 {[%mdl 2048] Black must now prevent Bd5. White is fighting back} Rxd3 29. Rxd3 Qe5 ({Don't go for} 29... Qxa3 $2 30. Bd5 $18) 30. Qxe5 Nxe5 $11 {[%mdl 4096] Endgame KRB-KRN} 31. Rd5 Re8 32. f3 Re7 33. a4 Nc4 34. h5 g5 35. Kf2 Kg7 36. g4 Nb2 37. a5 bxa5 38. Ke2 a4 39. Rb5 a3 40. Ra5 Nc4 41. Ra4 Ne5 42. Rxa3 (42. Ke3 {keeps more tension.} a5 43. c4 f5 44. Bxf5 Rb7 45. Be6) 42... Nxg4 43. fxg4 Rxe4+ {KR-KR} 44. Kf3 Rf4+ 45. Kg3 Rc4 46. Rxa7 Rxc3+ 47. Kf2 Rc6 48. Ra5 Kf6 49. Rf5+ Ke6 50. Rf3 Rc2+ 51. Kg3 Rc6 52. Re3+ Kd7 53. Rf3 f6 54. Ra3 {The position is equal.} Kd6 55. Rd3+ Ke5 56. Re3+ Kd4 57. Re8 Rc3+ 58. Kf2 Rc2+ 59. Kf3 Rc3+ {Accuracy: White = 71%, Black = 59%.} 1/2-1/2

[Event "ESP chT Honor Division 2019"]
[Site "Melilla"]
[Date "2019.10.03"]
[Round "4.15"]
[White "Paehtz, Elisabeth"]
[Black "Anton Guijarro, David"]
[Result "0-1"]
[WhiteElo "2489"]
[BlackElo "2674"]
[Annotator "TA"]
[PlyCount "100"]
[EventDate "2019.09.30"]
[EventType "team-tourn"]
[EventCountry "ESP"]
[SourceTitle "playchess.com"]
[Source "ChessBase"]
[SourceQuality "1"]

{[%evp 18,100,14,12,8,15,16,0,20,-7,17,0,2,10,39,51,41,28,76,58,47,50,56,57,58,65,86,41,50,0,-11,-20,0,-32,-27,-43,-32,-85,-59,-59,-66,-66,-61,-66,-64,-68,-71,-62,-27,-58,-56,-56,-56,-56,-56,-56,-56,-79,-64,-85,-84,-238,-226,-229,-221,-200,-200,-200,-200,-374,-364,-364,-363,-365,-332,-391,-370,-613,-589,-1052,-1013,-1233,-1095,-1825,-1693]} 1. e4 c5 2. Nf3 d6 3. d4 cxd4 4. Nxd4 Nf6 5. Nc3 Nc6 6. Bg5 e6 7. Qd2 a6 8. O-O-O Be7 9. f3 Nxd4 10. Qxd4 b5 {B66: Sicilian: Richter-Rauzer: 7...a6 8 0-0-0 h6} (10... O-O 11. Kb1 b5 12. h4 Bb7 13. g4 Rc8 14. a3 Qa5 15. Qd2 Kh8 16. Ne2 Qxd2 17. Rxd2 Rfd8 18. Ng3 Kg8 19. Be2 h6 20. Be3 d5 21. g5 hxg5 22. hxg5 {0-1 (58) Le,Q (2694)-Praggnanandhaa,R (2537) Xingtai 2019}) 11. Kb1 Bb7 12. h4 Qc7 {The position is equal.} 13. a3 Rc8 14. Be2 $146 ({Predecessor:} 14. Qd2 O-O 15. Bd3 Rfd8 16. h5 Ne8 17. h6 g6 18. Bxe7 Qxe7 {0-1 (33) Stets,D (2422)-Vovk,Y (2575) Lvov 2009}) 14... h6 15. Bxf6 gxf6 16. f4 Qc5 17. Qd3 Rg8 18. Bf3 b4 19. axb4 Qxb4 20. f5 Rb8 21. b3 Rc8 22. Kb2 Qc5 ({Of course not} 22... d5 23. exd5 exd5 24. Nxd5 $16 (24. Bxd5 Kf8 $18)) 23. Ra1 (23. Na4 $14 Qa5 24. Qd4) 23... Qe5 $11 {Strongly threatening ...d5!} 24. Ra4 Kf8 25. Rh3 Bd8 $36 {[%mdl 2048] Black is pushing.} 26. Qd4 Ke7 27. Qxe5 (27. g4 $15) 27... dxe5 28. fxe6 fxe6 29. g4 a5 30. Ra1 Bb6 {And now ...Rxc3! would win.} 31. Na4 $1 {[%cal Ra4b6]} Bd4+ 32. c3 Ba7 33. g5 Rcf8 34. gxh6 f5 $1 35. h7 Rh8 $1 36. Re1 {Black should prevent exf5.} f4 37. Kc2 Rxh7 38. Nb2 Rg7 {Threatens to win with ...Rg3.} 39. Nc4 $2 (39. Nd3 $17) 39... Rg3 $1 $19 {[%cal Rg3h3]} 40. Rxg3 fxg3 41. Nxe5 {Ng6+ is the strong threat.} Kd6 42. Nc4+ Kc7 $1 {[%mdl 1024] Black has strong compensation.} 43. Nd2 $2 {[#]} (43. Bh1 {is a better defense.}) 43... Bf2 $1 {[%cal Rf2e1]} 44. Re2 Ba6 45. c4 e5 46. Bg2 {[#] intending Nf3.} Bc8 $1 {[%cal Rc8g4] Hoping for ...Bg4.} 47. Nf3 $2 (47. Bf3) 47... Bg4 {Black is clearly winning.} 48. Ng5 Kc6 ({Not} 48... Bxe2 49. Ne6+ Kd6 50. Nxf8 $11) 49. Nh7 Rh8 50. Rxf2 gxf2 {Accuracy: White = 36%, Black = 76%.} 0-1

[Event "ESP chT Honor Division 2019"]
[Site "Melilla"]
[Date "2019.10.03"]
[Round "4.16"]
[White "Mareco, Sandro"]
[Black "Franco Alonso, Alejandro"]
[Result "1-0"]
[WhiteElo "2634"]
[BlackElo "2384"]
[Annotator "ChessBase"]
[PlyCount "51"]
[EventDate "2019.09.30"]
[EventType "team-tourn"]
[EventCountry "ESP"]
[SourceTitle "playchess.com"]
[Source "ChessBase"]
[SourceQuality "1"]
[TimeControl "40/5400+30:1800+30"]

1. Nf3 {[%emt 0:00:00]} Nf6 {[%emt 0:00:00]} 2. c4 {[%emt 0:00:00]} e6 {[%emt 0:00:00]} 3. g3 {[%emt 0:00:00]} d5 {[%emt 0:00:18]} 4. Bg2 {[%emt 0:00:00]} Be7 {[%emt 0:00:13]} 5. O-O {[%emt 0:00:00]} O-O {[%emt 0:00:09]} 6. b3 {[%emt 0:00:00]} a5 {[%emt 0:00:07]} 7. Nc3 {[%emt 0:00:48]} c6 {[%emt 0:00:09]} 8. d4 {[%emt 0:07:00]} b6 {[%emt 0:00:37]} 9. Qd3 {[%emt 0:08:11]} Ba6 {[%emt 0:03:51]} 10. Rd1 {[%emt 0:01:18]} Nbd7 {[%emt 0:01:53]} 11. e4 {[%emt 0:00:47]} b5 {[%emt 0:04:47]} 12. e5 {[%emt 0:07:00]} bxc4 {[%emt 0:10:05]} 13. Qc2 {[%emt 0:00:05]} Ne8 {[%emt 0:01:00]} 14. h4 {[%emt 0:00:12]} Rc8 {[%emt 0:10:39]} 15. Bg5 {[%emt 0:07:26]} c5 {[%emt 0:10:16]} 16. dxc5 {[%emt 0:04:27]} Nxc5 {[%emt 0:04:42]} 17. bxc4 {[%emt 0:00:13]} Bxc4 {[%emt 0:01:03]} 18. Rd4 {[%emt 0:01:02]} g6 {[%emt 0:10:35]} 19. Rad1 {[%emt 0:01:18]} Qc7 {[%emt 0:00:19]} 20. Rxc4 {[%emt 0:17:12]} Bxg5 {[%emt 0:05:14]} 21. Rxd5 {[%emt 0:01:20]} Be7 {[%emt 0:16:53]} 22. Rd1 {[%emt 0:01:30]} Qa7 {[%emt 0:08:00]} 23. Ne4 {[%emt 0:12:04]} Rc7 {[%emt 0:02:27]} 24. Nd6 {[%emt 0:02:34]} Na6 {[%emt 0:02:34]} 25. Nc8 {[%emt 0:00:14]} Nb4 {[%emt 0:00:29]} 26. Rxc7 {[%emt 0:00:19]} 1-0

[Event "ESP chT Honor Division 2019"]
[Site "Melilla"]
[Date "2019.10.03"]
[Round "4.17"]
[White "Gonzalez De La Torre, Santiago"]
[Black "Lopez Martinez, Josep Manuel"]
[Result "1-0"]
[WhiteElo "2423"]
[BlackElo "2573"]
[Annotator "ChessBase"]
[PlyCount "147"]
[EventDate "2019.09.30"]
[EventType "team-tourn"]
[EventCountry "ESP"]
[SourceTitle "playchess.com"]
[Source "ChessBase"]
[SourceQuality "1"]
[TimeControl "40/5400+30:1800+30"]

1. e4 {[%emt 0:00:00]} e5 {[%emt 0:00:41]} 2. Nf3 {[%emt 0:00:00]} Nc6 {[%emt 0:00:21]} 3. Bb5 {[%emt 0:00:00]} a6 {[%emt 0:00:21]} 4. Ba4 {[%emt 0:00:00]} Nf6 {[%emt 0:00:25]} 5. O-O {[%emt 0:00:00]} b5 {[%emt 0:00:22]} 6. Bb3 {[%emt 0:00:19]} Bb7 {[%emt 0:00:27]} 7. Re1 {[%emt 0:03:19]} Bc5 {[%emt 0:09:09]} 8. c3 {[%emt 0:00:50]} d6 {[%emt 0:01:30]} 9. d4 {[%emt 0:00:10]} Bb6 {[%emt 0:00:10]} 10. Be3 {[%emt 0:00:09]} O-O {[%emt 0:01:29]} 11. Nbd2 {[%emt 0:01:28]} h6 {[%emt 0:05:09]} 12. h3 {[%emt 0:00:33]} Re8 {[%emt 0:01:11]} 13. d5 {[%emt 0:08:52]} Ne7 {[%emt 0:02:39]} 14. Bxb6 {[%emt 0:00:11]} cxb6 {[%emt 0:00:14]} 15. a4 {[%emt 0:00:09]} bxa4 {[%emt 0:00:32]} 16. Bxa4 {[%emt 0:00:06]} Rf8 {[%emt 0:00:28]} 17. Nf1 {[%emt 0:10:15]} Ng6 {[%emt 0:04:42]} 18. Kh2 {[%emt 0:01:23]} b5 {[%emt 0:03:30]} 19. Bc2 {[%emt 0:00:05]} Qb6 {[%emt 0:00:16]} 20. Qd2 {[%emt 0:01:35]} Nd7 {[%emt 0:01:21]} 21. Ne3 {[%emt 0:01:25]} Ne7 {[%emt 0:01:02]} 22. Nh4 {[%emt 0:09:06]} Qd8 {[%emt 0:01:26]} 23. g3 {[%emt 0:02:33]} Rc8 {[%emt 0:03:37]} 24. b4 {[%emt 0:05:15]} Nb6 {[%emt 0:03:57]} 25. Bd3 {[%emt 0:00:27]} Rc7 {[%emt 0:01:13]} 26. Rg1 {[%emt 0:10:41]} Kh8 {[%emt 0:06:35]} 27. Rac1 {[%emt 0:07:03]} Bc8 {[%emt 0:00:39]} 28. f4 {[%emt 0:03:04]} Ng8 {[%emt 0:09:06]} 29. f5 {[%emt 0:03:19]} Nf6 {[%emt 0:00:45]} 30. Nf3 {[%emt 0:00:29]} Nc4 {[%emt 0:02:31]} 31. Nxc4 {[%emt 0:06:07]} bxc4 {[%emt 0:00:26]} 32. Bc2 {[%emt 0:00:05]} a5 {[%emt 0:01:33]} 33. bxa5 {[%emt 0:00:04]} Rc5 {[%emt 0:01:12]} 34. g4 {[%emt 0:00:19]} Nh7 {[%emt 0:03:03]} 35. g5 {[%emt 0:10:59]} hxg5 {[%emt 0:00:28]} 36. Nxg5 {[%emt 0:01:57]} Rxa5 {[%emt 0:03:16]} 37. Nxh7 {[%emt 0:13:15]} Kxh7 {[%emt 0:00:31]} 38. Rg4 {[%emt 0:00:36]} Ra2 {[%emt 0:02:35]} 39. Rcg1 {[%emt 0:00:27]} g6 {[%emt 0:00:40]} 40. Kh1 {[%emt 0:02:27]} Qf6 {[%emt 0:02:49]} 41. Qg2 {[%emt 0:12:33]} Kg7 {[%emt 0:08:20]} 42. Rf1 {[%emt 0:00:31]} Bd7 {[%emt 0:10:44]} 43. Rf2 {[%emt 0:10:28]} Rh8 {[%emt 0:18:58]} 44. fxg6 {[%emt 0:01:52]} Qxf2 {[%emt 0:00:20]} 45. Qxf2 {[%emt 0:01:04]} fxg6 {[%emt 0:02:07]} 46. Rh4 {[%emt 0:02:48]} Rxc2 {[%emt 0:00:23]} 47. Qxc2 {[%emt 0:00:05]} Rxh4 {[%emt 0:00:08]} 48. Qf2 {[%emt 0:00:07]} Rxh3+ {[%emt 0:01:53]} 49. Kg2 {[%emt 0:00:03]} Bg4 {[%emt 0:01:36]} 50. Qb6 {[%emt 0:00:57]} Rxc3 {[%emt 0:04:25]} 51. Qxd6 {[%emt 0:00:05]} Kh6 {[%emt 0:01:50]} 52. Qf6 {[%emt 0:04:18]} Rd3 {[%emt 0:00:28]} 53. Qh8+ {[%emt 0:00:16]} Kg5 {[%emt 0:00:26]} 54. Qxe5+ {[%emt 0:00:03]} Kh4 {[%emt 0:00:30]} 55. Qh8+ {[%emt 0:02:02]} Kg5 {[%emt 0:01:51]} 56. Qe5+ {[%emt 0:00:03]} Kh4 {[%emt 0:00:14]} 57. Qf6+ {[%emt 0:01:08]} g5 {[%emt 0:02:37]} 58. Qf2+ {[%emt 0:00:35]} Kh5 {[%emt 0:00:08]} 59. e5 {[%emt 0:00:31]} Bf3+ {[%emt 0:00:54]} 60. Kh2 {[%emt 0:00:39]} c3 {[%emt 0:02:41]} 61. Qa7 {[%emt 0:00:40]} Be4 {[%emt 0:01:19]} 62. e6 {[%emt 0:00:23]} Rd2+ {[%emt 0:00:36]} 63. Kh3 {[%emt 0:00:07]} Rd3+ {[%emt 0:01:10]} 64. Kh2 {[%emt 0:00:04]} c2 {[%emt 0:03:23]} 65. e7 {[%emt 0:00:02]} Bg6 {[%emt 0:00:40]} 66. e8=Q {[%emt 0:00:02]} Bxe8 {[%emt 0:02:10]} 67. Qh7+ {[%emt 0:00:05]} Kg4 {[%emt 0:00:01]} 68. Qe4+ {[%emt 0:00:04]} Kh5 {[%emt 0:00:06]} 69. Qxe8+ {[%emt 0:00:01]} Kh4 {[%emt 0:01:18]} 70. Qe1+ {[%emt 0:00:05]} Kh5 {[%emt 0:00:13]} 71. Qe8+ {[%emt 0:00:04]} Kh4 {[%emt 0:00:08]} 72. Qe1+ {[%emt 0:00:04]} Kh5 {[%emt 0:00:04]} 73. Qe2+ {[%emt 0:00:25]} g4 {[%emt 0:01:08]} 74. Qxc2 {[%emt 0:00:06]} 1-0